000 00390pab a2200169 454500
008 180718b2007 xxu||||| |||| 00| 0 eng d
100 _aJain, Anil Kumar
245 _aFiscal prudence: has it really been achieved?
260 _c2007
300 _ap.5-6.
362 _a24 Mar
650 _aBudget - India
650 _aBudget
773 _aMainstream
908 _aN
909 _a73422
999 _c73422
_d73422